[Event "AUTO-OPEN-1750"]
[Site "http://www.queenalice.com/game.php?id=678205"]
[Date "2009.11.5"]
[Round "1"]
[White "Fischercat"]
[Black "Carlos3000"]
[Result "1-0"]
[WhiteElo "1885"]
[BlackElo "1507"]

1. e4 e5 2. Bc4 Nf6 3. d4 exd4 4. Qxd4 Nc6 5. Qc3 Bb4 6. Qxb4 Nxb4 7. Bb3 Nxe4
8. Nf3 O-O 9. O-O d6 10. Re1 Re8 11. Nc3 h6 12. Rxe4 Rxe4 13. Nxe4 Qe8 14. Ng3
Bg4 15. Be3 d5 16. a3 Nc6 17. Bxd5 Rd8 18. c4 Bxf3 19. Bxf3 b6 20. Nf5 Ne7 21.
Nxe7+ Qxe7 22. Bd5 Qe5 23. Rd1 Qxb2 24. g3 Qc2 25. Bxf7+ Kxf7 26. Rxd8 1-0

[Event "AUTO-OPEN-1750"]
[Site "http://www.queenalice.com/game.php?id=678206"]
[Date "2009.11.5"]
[Round "1"]
[White "Carlos3000"]
[Black "Fischercat"]
[Result "0-1"]
[WhiteElo "1645"]
[BlackElo "1894"]

1. e4 e5 2. d3 Bc5 3. Nf3 h6 4. a3 d6 5. b4 Bd4 6. c3 Bb6 7. Be2 Qf6 8. O-O Qg6
9. c4 Bh3 10. Nh4 Qf6 11. gxh3 Qxh4 12. Bg4 Nf6 13. Nc3 c6 14. Kh1 Bxf2 15. Qe2
Bd4 16. Bb2 Nbd7 17. Rab1 Nxg4 18. Nd1 Qxh3 19. Bxd4 exd4 20. Rf3 Qh4 21. Rf4 h5
22. Nf2 Qxh2# 0-1

[Event "AUTO-ADV-1530"]
[Site "http://www.queenalice.com/game.php?id=678302"]
[Date "2009.11.5"]
[Round "1"]
[White "Svolo"]
[Black "Carlos3000"]
[Result "1-0"]
[WhiteElo "1827"]
[BlackElo "1696"]

1. e4 e5 2. Nf3 d6 3. b3 f6 4. h3 Nc6 5. Bb5 Bd7 6. a4 g5 7. Nh2 h6 8. Qh5+ Ke7
9. Ba3 Nd4 10. Ra2 Bxb5 11. axb5 Nxb5 12. Bb2 Qd7 13. Nc3 Nxc3 14. Bxc3 Kd8 15.
Qf3 Ne7 16. Qxf6 Rg8 17. Qf3 1-0

[Event "AUTO-ADV-1530"]
[Site "http://www.queenalice.com/game.php?id=678303"]
[Date "2009.11.5"]
[Round "1"]
[White "Carlos3000"]
[Black "Svolo"]
[Result "0-1"]
[WhiteElo "1708"]
[BlackElo "1815"]

1. e4 e5 2. d3 Bb4+ 3. Bd2 Bc5 4. Nf3 d6 5. a3 Nc6 6. b4 Bb6 7. c3 Be6 8. Be2
Nge7 9. O-O a6 10. c4 Nd4 11. Nxd4 Bxd4 12. Bc3 c5 13. Bxd4 cxd4 14. a4 O-O 15.
a5 b5 16. cxb5 axb5 0-1

[Event "AUTO-ADV-1530"]
[Site "http://www.queenalice.com/game.php?id=678318"]
[Date "2009.11.5"]
[Round "1"]
[White "Carlos3000"]
[Black "andrevillares"]
[Result "0-1"]
[WhiteElo "1704"]
[BlackElo "2058"]

1. e4 c6 2. d3 d5 3. exd5 cxd5 4. d4 Nc6 5. c3 Bf5 6. Nf3 e6 7. Bb5 Bd6 8. O-O
Nf6 9. h3 O-O 10. Ba4 Ne7 11. Nbd2 a6 12. Re1 b5 13. Bc2 Bxc2 14. Qxc2 Rc8 15.
a3 Ng6 0-1

[Event "AUTO-ADV-1530"]
[Site "http://www.queenalice.com/game.php?id=678319"]
[Date "2009.11.5"]
[Round "1"]
[White "andrevillares"]
[Black "Carlos3000"]
[Result "1-0"]
[WhiteElo "2056"]
[BlackElo "1706"]

1. d4 d5 2. c4 dxc4 3. e4 Nc6 4. d5 Ne5 5. Bxc4 Nxc4 6. Qa4+ Bd7 7. Qxc4 e5 8.
Nf3 f6 9. Nc3 a6 10. O-O c6 11. Rd1 Qc7 12. Be3 Bd6 13. Rac1 Ne7 14. Qd3 g5 15.
dxc6 bxc6 16. Qxd6 Qxd6 17. Rxd6 1-0

[Event "Challenge"]
[Site "http://www.queenalice.com/game.php?id=680338"]
[Date "2009.11.9"]
[Round "-"]
[White "Carlos3000"]
[Black "CristianLonghinoti"]
[Result "0-1"]
[WhiteElo "1603"]
[BlackElo "1340"]

1. e4 e5 2. d3 d6 3. c4 Nf6 4. a3 Bg4 5. f3 Bh5 6. b4 h6 7. Nc3 Be7 8. Nge2 O-O
9. Ng3 Nc6 10. Be2 b6 11. O-O a6 12. Nxh5 Nxh5 13. Nd5 Bg5 14. Bxg5 Qxg5 15. Re1
Nf4 16. Nxf4 Qxf4 17. Bf1 a5 18. b5 Ne7 19. g3 Qg5 20. a4 c6 21. d4 d5 22. exd5
cxd5 23. Rxe5 Qf6 24. cxd5 Rae8 25. f4 Ng6 26. Rxe8 Rxe8 27. Bg2 Nf8 28. Rc1 Re4
29. Bxe4 Nd7 30. Rc8+ Nf8 31. Rc6 Qd8 32. Qc2 g6 33. h4 h5 34. Qc4 Kh7 35. Rc8
Qe7 36. Qc2 Kg7 37. Rc7 Qf6 38. Qd3 Qd8 39. Rc6 Kh6 40. f5 Kg7 41. fxg6 Qe8 42.
gxf7 Qxf7 43. Rxb6 Kg8 44. Bg6 Nxg6 45. Qxg6+ Qxg6 46. Rxg6+ Kf8 47. b6 Ke8 48.
b7 Kd8 49. b8=Q+ Kd7 0-1

[Event "Valadares"]
[Site "http://www.queenalice.com/game.php?id=724581"]
[Date "2010.2.2"]
[Round "-"]
[White "Scaracioli"]
[Black "Carlos3000"]
[Result "1-0"]
[WhiteElo "1530"]
[BlackElo "1641"]

1. e4 e5 2. d4 d6 3. d5 Nf6 4. f3 Bd7 5. Qd2 Na6 6. h4 h5 7. b4 b5 8. c4 c6 9.
a3 Nc7 10. cxb5 cxb5 11. Qc2 g6 12. Bg5 Be7 13. Bxf6 Bxf6 14. Nc3 a6 15. a4 Rb8
16. g3 O-O 17. a5 g5 18. hxg5 Bxg5 19. Qf2 Bh6 20. g4 Qf6 21. Qg2 Qg6 22. gxh5
Qxg2 23. Bxg2 Rbc8 24. Bh3 Bxh3 25. Rxh3 1-0

[Event "Challenge"]
[Site "http://www.queenalice.com/game.php?id=735775"]
[Date "2010.2.22"]
[Round "-"]
[White "Carlos3000"]
[Black "Rodrigo_Cruzeiro"]
[Result "0-1"]
[WhiteElo "1505"]
[BlackElo "1656"]

1. e4 e5 2. d3 Nc6 3. Nf3 Nf6 4. Nc3 Bc5 5. b3 Ng4 6. Be3 Bxe3 7. fxe3 Nxe3 8.
Qe2 Nxf1 9. Qxf1 Nd4 10. Rc1 Nxf3+ 11. Qxf3 Qh4+ 12. g3 Qh3 13. Ne2 d6 14. Ng1
Qh6 15. Ra1 Bh3 0-1

[Event "Challenge"]
[Site "http://www.queenalice.com/game.php?id=735776"]
[Date "2010.2.22"]
[Round "-"]
[White "Carlos3000"]
[Black "Carl_Flemming"]
[Result "0-1"]
[WhiteElo "1495"]
[BlackElo "1977"]

1. e4 c6 2. d3 d5 3. f3 e5 4. Ne2 Be6 5. a3 Bc5 6. b4 Bb6 7. c3 Nd7 8. Ng3 Ngf6
9. Be2 h6 10. h3 O-O 0-1

[Event "Challenge"]
[Site "http://www.queenalice.com/game.php?id=735777"]
[Date "2010.2.22"]
[Round "-"]
[White "Carlos3000"]
[Black "lorenzaassuncao"]
[Result "0-1"]
[WhiteElo "1558"]
[BlackElo "1134"]

1. e4 e5 2. d3 Nf6 3. Nf3 Nxe4 4. dxe4 Bb4+ 5. Bd2 Na6 6. c3 Bd6 7. Be2 Nc5 8.
b3 b6 9. Bc4 a6 10. Ng5 h6 11. Nxf7 Qe7 12. Nxh8 Qg5 13. Bxg5 Bb7 0-1

[Event "Challenge"]
[Site "http://www.queenalice.com/game.php?id=735780"]
[Date "2010.2.22"]
[Round "-"]
[White "Carlos3000"]
[Black "massimo"]
[Result "0-1"]
[WhiteElo "1564"]
[BlackElo "1802"]

1. e4 e5 2. d3 d6 3. Nf3 Nf6 4. Nc3 Nc6 5. Be2 Bd7 6. O-O Be7 7. a3 O-O 8. Ne1
Nd4 9. Nf3 Nxe2+ 10. Qxe2 c5 11. b3 Qa5 12. Bd2 Qc7 13. a4 a5 14. Qe1 Bg4 15.
Nb5 Qc6 0-1